Hino do Atlético-MG / Galo - Statistics

Estatísticas Gerais
  • Esse quiz foi jogado 152 vezes
  • A pontuação média é 84 de 99
Estatísticas das Respostas
Resposta % Correto
Atlético
98%
Atlético
98%
Atlético
98%
Atlético
98%
Atlético
98%
Clube
98%
Clube
98%
Clube
98%
Clube
98%
Clube
98%
Mineiro
98%
Mineiro
98%
Mineiro
98%
Mineiro
98%
Mineiro
98%
e
97%
é
97%
é
97%
no
97%
Galo
96%
Forte
95%
Somos
95%
Somos
95%
Somos
95%
Somos
95%
Vingador
95%
do
94%
do
94%
do
94%
do
94%
Nós
94%
Nós
94%
Nos
94%
Com
92%
Com
92%
Com
92%
Amor
91%
Muita
91%
Raça
91%
Raça
91%
Jogamos
90%
o
90%
o
90%
o
90%
Alegria
88%
Vitórias
87%
Nosso
86%
Nosso
86%
Minas
85%
Gelo
84%
Nas
84%
Campeões
83%
Campeões
83%
Campeões
83%
Vibramos
83%
Time
81%
Vencer
81%
Vencer
81%
Vencer
81%
Vencer
81%
Vencer
81%
Imortal
80%
de
79%
Ideal
79%
Lutar
79%
Lutar
79%
Lutar
79%
Lutar
79%
Lutar
79%
Lutar
79%
Cenário
78%
Esportivo
78%
Mundial
77%
dos
76%
Honramos
76%
Morrer
76%
Morrer
76%
Morrer
76%
Nome
76%
Orgulho
75%
Até
74%
Até
74%
Até
74%
Pra
74%
Pra
74%
Uma
74%
Uma
74%
Uma
74%
Vez
74%
Vez
74%
Vez
74%
Esporte
73%
Este
73%
Nacional
73%
Nossa
61%
Toda
61%
Gramados
56%
Mundo
55%
Pelos
50%
Nenhum quiz correspondente encontrado
Distribuição das Pontuações
Porcentagem de Pessoas com Cada Pontuação
Percentil de Números Respondidos
Sua Pontuação Histórica
Você não jogou esse quiz